Tilastot visalle Linnan juhlat -visa

Klikkaa tästä pelataksesi tätä visaa!

Yleistilastot

  • Tätä visaa on pelattu 36 kertaa
  • Keskiarvotulos 11 / 20

Vastaustilastot

% Oikein
ensimmäisenä kättelemään saapuva ryhmä on _____sotaveteraanit
84%
Presidenteistä _____ ja _____ eivät koskaan isännöinneet Linnan juhliaRisto Ryti
81%
kättelyiden jälkeen kaikki elossa olevat _____ ottavat yhteiskuvanpresidentit puolisoineen
78%
presidentti _____ aikana Linnassa nähtiin usein taiteilijoista ja urheilijoista koostunut "hovi"Urho Kekkosen
78%
Presidenteistä _____ ja _____ eivät koskaan isännöinneet Linnan juhliaGustaf Mannerheim
75%
vuoteen 2019 asti kättelyn aloittivat Mannerheim-ristin _____ritarit
75%
viimeksi Linnan juhlat on peruttu vuonna _____2021
69%
_____ aikana tuli jazzmusiikki, suolapalat, maakuntaruuat ja viinitMartti Ahtisaaren
66%
Viihdetaiteilijoiden määrä lisääntyi _____ aikanaTarja Halosen
66%
kättely aloitetaan _____kadultaMarian
56%
Paasikiven aikana juhlista tehtiin _____, joita esitettiin elokuvateattereissalyhytelokuvia
53%
nimeä yksi rakennus, jossa vastaanotto on myös järjestetty Presidentinlinnan sijastaTurun palokunnantalo |
Finlandia-talo |
Tampere-talo
50%
kättelyn taustamusiikista ja illan tanssimusiikista on vastannut vuodesta 2000 lähtien _____ soittokuntaKaartin
47%
toiseksi viimeisenä ryhmänä Linnaan saapuu kansainvälisiä vieraitasuurlähettiläät |
kansainvälisten järjestöjen edustajat
47%
"Tasavallan prinsessa" Assi Koivisto aloitti _____tanssin v. 1982tipu
31%
sisääntulomusiikin aloittaa perinteisesti _____Jääkärimarssi
28%
v. 1964 Linnassa tanssittiin _____letkajenkkaa
25%
vuoden 1972 juhlavastaanotto järjestettiin Finlandia-talossa, jolloin isäntänä toimi pääministeri _____Kalevi Sorsa
22%
seuraavaksi kätellään _____ (katu) saapuvat vieraatPohjoisesplanadilta
22%
em. kadulta ensimmäisenä kättelyn aloittaa yleensä _____arkkipiispa
19%

Tulosjakauma

Persentiili vastausten määrän mukaan

Jokaisen tuloksen saaneiden osuus

Tuloshistoriasi

Et ole pelannut tätä visaa